KOHA-Header-6

Charlie and the chocolate Factory (Record no. 2396)

000 -LEADER
fixed length control field 00294nam a2200121Ia 4500
008 - FIXED-LENGTH DATA ELEMENTS--GENERAL INFORMATION
fixed length control field 190802s9999 xx 000 0 und d
020 ## - INTERNATIONAL STANDARD BOOK NUMBER
International Standard Book Number 0-14-038532-0
100 ## - MAIN ENTRY--PERSONAL NAME
Personal name Roald Dahl
245 #0 - TITLE STATEMENT
Title Charlie and the chocolate Factory
260 ## - PUBLICATION, DISTRIBUTION, ETC. (IMPRINT)
Place of publication, distribution, etc USA
Name of publisher, distributor, etc Puffin Books
Date of publication, distribution, etc 1997
300 ## - PHYSICAL DESCRIPTION
Extent 169:p
942 ## - ADDED ENTRY ELEMENTS (KOHA)
Koha item type Books
Holdings
Withdrawn status Lost status Source of classification or shelving scheme Damaged status Not for loan Collection code Permanent Location Current Location Shelving location Date acquired Total Checkouts Total Renewals Full call number Barcode Date last seen Date checked out Price effective from Koha item type
            MAJU MAJU Shelf No.A23 2019-12-28 1 1 823.91 9019 2019-12-24 2019-12-10 2019-08-03 English Literature

Powered by Koha